000 00299nam a2200133 i 4500
001 bg
245 0 _aPoluprovodnikovaja technika i mikroelektronika.
250 _aVyp.25.
260 _aKiev,
_c1977.
040 _cBPK
041 _apol
942 _cKS
008 s pl f |000 0 pol
999 _c18232
_d18232
856 _uhttp://koha.tu.koszalin.pl/cgi-bin/koha/opac-detail.pl?biblionumber=18232
_yKatalog online BPK